Nommez tout ce que nous pouvons voir dans l'espace - Statistiques

Statistiques générales
  • Ce quiz a été pris 156 fois
  • Le résultat moyen est 10 sur 16
Statistiques - réponses
Mot/mots Réponse % Correct
1 Étoile
89%
1 Lune
83%
1 Soleil
81%
1 Mars
75%
1 Vénus
73%
1 Jupiter
72%
1 Planète
70%
1 Mercure
69%
1 Saturne
69%
1 Uranus
67%
1 Pluton
63%
1 Neptune
60%
1 Terre
49%
2 voie Lactée
37%
1 Exoplanète
5%
2 Corps céleste
1%
Aucun quiz correspondant
Distribution des résultats
% des personnes avec chaque résultat
Percentile par nombre de réponses
Votre historique - résultats
Vous n’avez pas pris ce quiz